000 01247nam a2200313 a 4500
001 vtls001618275
003 NLI
005 20210628133927.0
008 121214s1909 ii a 000 0 hin
039 9 _y201212141928
_zVLOAD
040 _aNLI
_bhineng
_cDatasoft_Hindi
_eAACR2
041 0 _ahin
044 _a ii
084 0 4 _a181
245 0 0 _6880-02
_aतीर्थाटन प्रदीपिका
260 _aलखनऊ :
_bअवध रुहेलखण्ड रेलूवे यन्त्रालय,
_c1909
300 _a331 p. :
_bill. ;
_c18 cm.
650 0 _aPilgrims and pilgrimages
_zIndia
_9748763
650 0 _aDescription and travels
_9699100
710 2 _6880-07
_aअवध रुहेलखण्ड रेलूवे यन्त्रालय, लखनऊ (इंडिया)
_91075295
880 0 0 _6245-02(B
_aTīrthāṭana Pradīpikā
880 _6710-07(B
_aAvadha Rūhelakhaṇḍa Railway Yantrālaya, Lakhanaū (India)
887 _a Abrar Ahmed 01.03.12 (Mita 05.03.2012)
901 _aOHI182D
_b13.04.1915
902 _a181 Cc 90.2 b
904 _cAbrar Ahmed 01.03.12 (Mita 05.03.2012)
_lO 15
949 _AVIRTUAITEM
_D10000
_X100
_6OHI00000182DHIN
942 _2ddc
_cBKS
999 _aVIRTUA40
_c1069250
_d1069250